000 01564nam a22001577a 4500
041 _aukr
080 _a09
090 _bКОР
100 _aКорольчук Ю.А.
245 _aКомунікативно-експресивна характеристика лексики ділового мовлення
260 _aОстрог
_bКАФ
_c2010
300 _a45
520 _aВСТУП РОЗДІЛ 1 КОМУНІКАТИВНІСТЬ ТА ЕКСПРЕСИВНІСТЬ ЛЕКСИКИ ЯК ЗАСОБИ ВПЛИВУ У ДІЛОВОМУ МОВЛЕННІ 1.1 Характерні особливості ділового мовлення. 1.2 Комунікативні та експресивні функції ділового мовлення. РОЗДЛІ 2 ПОНЯТТЯ ЛСП ТА ЙОГО РОЗВИТОК У МОВІ 2.1 Вивчення лексико-семантичної системи. 2.2 Властивості і структура організації лексики. РОЗДІЛ 3 РОЗГЛЯД ЛЕКСИЧНИХ ОДИНИЦЬ ДІЛОВОГО МОВЛЕННЯ 3.1 Лексико-семантичне поле "Ділове мовлення". 3.2 Структура поля бізнес-мовлення (ділового мовлення). 3.3 Аналіз поля бізнесу. 3.4 Комунікативна спрямованість лексики ділового мовлення. ВИСНОВКИ
_0ділове мовлення, ЛСП, комунікативність
650 _aResearch Papers
999 _c284228
_d284228
942 _cBK